000 00379 a2200121 4500
001 ART_11414
005 20260410161857.0
008 260409a
245 1 0 _aCambios estructurales y desocupación regional
100 1 _aFigueras, Alberto José
700 1 _aDiaz Cafferata, Alberto M.
773 0 _tRevista de Economía
_g- Nº 75 (oct./dic. 1994)
_wREV11077
999 _c25551
_d25551